000 00346nam a2200145Ia 4500
003 OSt
005 20240101063841.0
008 170524s9999 xx 000 0 und d
020 _a9798184350837
040 _cIIMT UNIVERSITY
100 _aKHATARKAR- Y
245 0 _aECONOMIC REFORMS IN INDIA
260 _bNew Delhi : Adhiyaya
942 _2ddc
_c01
999 _c9409
_d9409